Evaluation économique des technologies d'intensification de la production rizicole : cas du système bas-fonds dans les villages de Gome et Gankpetin (communes de Glazoué et de Dassa-Zoumè au centre-Bénin (Record no. 31634)

MARC details
000 -LEADER
fixed length control field 01720 a2200421 4500
041 ## - CODE DE LANGUE
Language code of summary or abstract/overprinted title or subtitle Fr.
040 ## - SOURCE DU CATALOGAGE
Original cataloging agency Support
041 ## - CODE DE LANGUE
Language code of summary or abstract/overprinted title or subtitle Fr.
041 ## - CODE DE LANGUE
Language code of summary or abstract/overprinted title or subtitle En.
100 ## - VEDETTE PRINCIPALE - NOM DE PERSONNE
Personal name MIDINGOYI, Gnonna Soul-Kifouly
130 ## - VEDETTE PRINCIPALE - TITRE UNIFORME
Language of a work Fr.
100 ## - VEDETTE PRINCIPALE - NOM DE PERSONNE
Affiliation Abomey-Calavi, Université d'Abomey-Calavi, Faculté des Sciences Agronomiques, Bj
260 ## - PUBLICATION, DISTRIBUTION, ETC. (IMPRINT)
Place of publication, distribution, etc Abomey-Calavi
260 ## - PUBLICATION, DISTRIBUTION, ETC. (IMPRINT)
Name of publisher, distributor, etc FSA/UAC
245 ## - TITLE STATEMENT
Title Evaluation économique des technologies d'intensification de la production rizicole : cas du système bas-fonds dans les villages de Gome et Gankpetin (communes de Glazoué et de Dassa-Zoumè au centre-Bénin
260 ## - PUBLICATION, DISTRIBUTION, ETC. (IMPRINT)
Date of publication, distribution, etc 17 décembre 2003
300 ## - PHYSICAL DESCRIPTION
Extent XVIII-127 p.
300 ## - PHYSICAL DESCRIPTION
Other physical details 29 cm
502 ## - DISSERTATION NOTE
Dissertation note Thèse pour l'obtention du Diplôme d'Ingénieur Agronome
520 ## - SUMMARY, ETC.
Summary, etc Le riz est une denrée qui prend une importance grandissante dans la structure de consommation des ménages aussi bien urbains que ruraux. La consommation et la production ont évolué dans le temps et montrent un déficit qui est resté croissant et qui oblige à un recours impératif aux importations. Ces importations jouent deux rôles : ...
653 1# - INDEX TERM--UNCONTROLLED
Uncontrolled term Economie, Socio-Anthropologie et Communication
650 ## - SUBJECT ADDED ENTRY--TOPICAL TERM
Topical term or geographic name as entry element TECHNOLOGIE
650 ## - SUBJECT ADDED ENTRY--TOPICAL TERM
Topical term or geographic name as entry element INTENSIFICATION
650 ## - SUBJECT ADDED ENTRY--TOPICAL TERM
Topical term or geographic name as entry element RIZ
650 ## - SUBJECT ADDED ENTRY--TOPICAL TERM
Topical term or geographic name as entry element PRODUCTION RIZICOLE
650 ## - SUBJECT ADDED ENTRY--TOPICAL TERM
Topical term or geographic name as entry element BAS-FOND
650 ## - SUBJECT ADDED ENTRY--TOPICAL TERM
Topical term or geographic name as entry element SYSTEME BAS-FOND
650 ## - SUBJECT ADDED ENTRY--TOPICAL TERM
Topical term or geographic name as entry element EVALUATION ECONOMIQUE
650 ## - SUBJECT ADDED ENTRY--TOPICAL TERM
Topical term or geographic name as entry element RENTABILITE
650 ## - SUBJECT ADDED ENTRY--TOPICAL TERM
Topical term or geographic name as entry element RENDEMENT
650 ## - SUBJECT ADDED ENTRY--TOPICAL TERM
Topical term or geographic name as entry element ANALYSE DES COUTS
651 ## - SUBJECT ADDED ENTRY--GEOGRAPHIC NAME
Geographic name GOME
651 ## - SUBJECT ADDED ENTRY--GEOGRAPHIC NAME
Geographic name GANKPETIN
653 #1 - INDEX TERM--UNCONTROLLED
Uncontrolled term Economie, Socio-Anthropologie et Communication
651 ## - SUBJECT ADDED ENTRY--GEOGRAPHIC NAME
Geographic name BENIN
710 ## - ADDED ENTRY--CORPORATE NAME
Corporate name or jurisdiction name as entry element Abomey-Calavi, Université d'Abomey-Calavi, Faculté des Sciences Agronomiques, Bj
Holdings
Withdrawn status Lost status Damaged status Not for loan Location (home branch) Sublocation or collection (holding branch) Date acquired Koha issues (times borrowed) Koha full call number Koha date last seen Copy number Price effective from Koha item type Public note
        Bibliothèque-Centre de Documentation de la Faculté des Sciences Agronomiques Bibliothèque-Centre de Documentation de la Faculté des Sciences Agronomiques     T.ESAC.2003.003 28/02/2009 01 28/02/2009 Livre A.9432


© 2008, Bibliothèques de l'Université d'Abomey-Calavi

04 BP 789 Cotonou, Tél. : +229 21 36 01 01, Fax : +229 21 35 06 32

Courriel : bu@bu.uac.bj